Odgadnij powiat po jego dwóch miastach - Statystyki

Ogólne statystyki
  • Ten quiz został rozwiązany 166 razy
  • Średni wynik to 5 z 12
Statystyki odpowiedzi
Miasta Powiat % Poprawnych
Rabka-Zdrój nowotarski
71%
Grodków brzeski (opolskie)
62%
Sulejówek miński
58%
MIlanówek grodziski (mazowieckie)
50%
Orzysz piski
44%
Czersk chojnicki
37%
Kamionka lubartowski
36%
Śmigiel kościański
31%
Miłosław wrzesiński
29%
Sochocin płoński
28%
Torzym sulęciński
26%
Rozprza piotrkowski
20%
Nie znaleziono quizów pasujących do podanych kryteriów
Rozkład punktacji
Procent ludzi z każdym wynikiem
Percentyl według liczby udzielonych odpowiedzi
Twoja historia wyników
Nie rozwiązałeś tego quizu